00521nam a22001692 4500001001100000005001700011008004100028020001700069040001500086050002100101100003500122245007300157260002600230300001600256600004100272600003800313000000188620151217155814.0070328s xx 000 0 eng d a0853020515 : aKABUcKABU 0aDT443.3b.W33M661 aMoore, Sally Falk.@000015096214aThe Chagga and Meru of Tanzania /cSally Falk Moore and Paul Puritt. aLondon :bIAI,c1977. axii, 140 p.10aWachaga (African people)@000015096310aMeru (African people)@0000149273